02250cam a2200481 i 4500001001200000003000600012005001700018008004100035020004800076035002200124035002300146040007800169045001700247046000900264100003400273245015800307260012200465300006400587336002700651337005400678338002800732380001600760380002300776388001000799490003100809504004600840610005000886610006100936648002600997648002601023650004801049650002701097650007501124651005601199655002701255658001301282710013401295830011901429920005001548942001501598999001701613952013801630xx004867691NUKAT20260427105335.0200522s2020 pl a |001 0 pol c a9788380987364q(oprawa twarda) :czł 35,00 a(OCoLC)1156634878 a(NUKAT)xx004867691 aGD U/MJbpolerdacGD U/MJsdWR O/KPdSZCZ U/ABdWA 14/ABsdOLSZT 008/bak2 bd1939bd1945 k20201 aBorcz, Andrzej.eAutor94062010aObwód Łańcut SZP-ZWZ-AK w latach 1939-1945 /cAndrzej Borcz ; Instytut Pamięci Narodowej. Komisja Ścigania Zbrodni przeciwko Narodowi Polskiemu. aKraków ;aWarszawa :bInstytut Pamięci Narodowej. Komisja Ścigania Zbrodni przeciwko Narodowi Polskiemu,c2020. a463, [1] strona, [64] strony tablic :bilustracje ;c25 cm. aTekstbtxt2rdacontent aBez urządzenia pośredniczącegobn2rdamedia aWoluminbnc2rdacarrier aKsiążki aPublikacje naukowe1 a2001-1 aSeria Monografie ;vt. 148 aBibliografia na stronach 399-420. Indeks.27aObwód Łańcut (Armia Krajowa)2DBN94062117aPolska.bArmia Krajowa.bObwód Łańcut.2kaba940622 7a1901-20002DBN934996 7a1939-19452DBN936042 7aII wojna światowa (1939-1945)2DBN935099 7aRuch oporu2DBN935814 7aWojna światowa (1939-1945)xhistoria jednostekzPolska.2kaba923754 7aŁańcut (woj. podkarpackie ; okolice)2DBN940623 7aMonografia2DBN935240 aHistoria2 aInstytut Pamięci Narodowej - Komisja Ścigania Zbrodni przeciwko Narodowi Polskiemu.eInstytucja sprawczaeWydawca4pbl911792 0aMonografie - Instytut Pamięci Narodowej - Komisja Ścigania Zbrodni przeciwko Narodowi Polskiemuvt. 148911794 a978-83-8098-736-4 (oprawa twarda) : zł 35,00 2ddccBK_NM c27795d27795 00102ddc40708K_magaBIPbBIPd2020-11-30eD-36/2020fDg35.00i59935l0o59935pIPWK21634r2026-04-27 10:54:55w2026-04-27yBK_NM